Regio's van Duitsland met kaart - Statistieken

Algemene statistieken
  • Deze quiz is 168 keer genomen
  • De gemiddelde score is 10 van 16
Antwoorden op de kaart
Antwoorden kleurgecodeerd door een groen-rode schaal op de quizkaart volgens % correct hieronder.
 
Antwoordstatistieken
Antwoord % Correct
Berlijn
99%
Hamburg
82%
Brandenburg
81%
Beieren
79%
Bremen
72%
Noord Rijn - Westfalen
72%
Saarland
61%
Schleeswijk-Holstein
61%
Mecklenburg-Voorpommeren
54%
Rijland-Palts
51%
Baden-Württemberg
50%
Nedersaxen
50%
Saxen
47%
Thuringen
44%
Hessen
43%
Saxen-Anhalt
39%
Geen overeenkomende quizzen gevonden
Scoreverdeling
Procent van Mensen met Elke Score
Percentiel versus Aantal Correcte Antwoorden
Uw Scoregeschiedenis
U heeft deze quiz nog niet genomen